De hereditatis petitione estudios sobre el significado y contenido de la herencia y su reclamacin̤ en derecho romano /

Detalles Bibliográficos
Autor principal: Casinos Mora, Francisco Javier
Formato: Desconocido
Lenguaje:español
Publicado: Madrid : Dykinson, 2006
Materias:
Acceso en línea:Acceso restringido

MARC

LEADER 00000ny a22000003n 4500
005 20110620125959.0
006 m u
007 cr cn|||||||||
008 200806r20062008sp |||||s|||||||||||spa d
020 |a 9788497729079 
035 |a 2447 
040 |a FlNmELB  |c FlNmELB  |d vlex 
050 1 4 |a KJA147  |b C339 2006eb 
080 |a 342:347.65 
090 |c 1375  |d 1375 
100 1 |a Casinos Mora, Francisco Javier 
245 1 0 |a De hereditatis petitione  |h [Recurso electrn̤ico]  |b estudios sobre el significado y contenido de la herencia y su reclamacin̤ en derecho romano /  |c Francisco Javier Casinos Mora 
256 |a Servicio en ln̕ea 
260 |a Madrid :  |b Dykinson,  |c 2006 
300 |a [7]-243 p 
506 1 |a Contenido solo disponible en los productos indicados  |d vLex Global  |d vLex Global (Academic Edition, excluding Law Schools)  |d vLex Global (U.S. Academic Edition, Law Schools)  |d vLex Global (U.S. Academic Edition, excluding Law Schools)  |d vLex Global (Academic Edition, Law Schools) 
650 0 7 |2 Tesauro vLex  |a Herencia 
650 0 7 |2 Tesauro vLex  |a Derecho sucesorio 
650 0 7 |2 Tesauro vLex  |a Accin̤ de peticin̤ de herencia 
650 0 7 |2 Tesauro vLex  |a Fuentes del derecho Civil 
650 0 7 |2 Tesauro vLex  |a Historia del derecho 
740 0 |a vLex Libros (Servicios en ln̕ea) 
856 4 0 |z Acceso restringido  |u http://vlex.com/source/2447 
942 |c BOOK